000 00478nam a2200193Ia 4500
008 170918s9999 xx 000 0 und d
020 _a9780590273657
050 _bO988 1994
100 _aOyama, Sachi
245 _aHow far will I fly? /
245 _cSachi Oyama ; illustrated by Young-Ah Dong.
260 _aNew York :
260 _bScholastic,
260 _c1994
300 _a16 pages :
300 _bcolored illustration ;
300 _c19cm.
500 _a130
999 _c342629
_d342629